शहीद मदनलाल ढींगरा / (Record no. 147902)
[ view plain ]
| 000 -LEADER | |
|---|---|
| fixed length control field | 00855nam a22001937a 4500 |
| 005 - DATE AND TIME OF LATEST TRANSACTION | |
| control field | 20171207162827.0 |
| 010 ## - LCCN (DPL NO) | |
| LC control number | BAC-05-12-17 |
| 020 ## - INTERNATIONAL STANDARD BOOK NUMBER | |
| International Standard Book Number | 978 8188672181 |
| Terms of availability | 100.00 |
| 035 ## - SYSTEM CONTROL NUMBER | |
| System control number | G-001150 |
| 037 ## - SOURCE OF ACQUISITION | |
| Source of stock number/acquisition | साहित्यशिला प्रकाशन |
| 082 ## - DEWEY DECIMAL CLASSIFICATION NUMBER | |
| Classification number | 921 |
| 100 ## - MAIN ENTRY--PERSONAL NAME | |
| Personal name | संधे, जगन्नाथ |
| 245 ## - TITLE STATEMENT | |
| Title | शहीद मदनलाल ढींगरा / |
| Statement of responsibility, etc | जगन्नाथ संधे |
| 260 ## - PUBLICATION, DISTRIBUTION, ETC. (IMPRINT) | |
| Place of publication, distribution, etc | दिल्ली |
| Name of publisher, distributor, etc | साहित्यशिला प्रकाशन |
| Date of publication, distribution, etc | 2014 |
| 270 ## - ADDRESS | |
| Address | 598-बी, पांडव रोड़, विश्वास नगर, शाहदरा |
| City | दिल्ली |
| Telephone number | |
| Postal code | 110032 |
| 300 ## - PHYSICAL DESCRIPTION | |
| Extent | 56पृ. |
| Other physical details | |
| Dimensions | 22 सेमी (सजिल्द) |
| 700 ## - ADDED ENTRY--PERSONAL NAME | |
| Personal name | सपरा, चारू |
| 9 (RLIN) | 34156 |
| 942 ## - ADDED ENTRY ELEMENTS (KOHA) | |
| Source of classification or shelving scheme | Dewey Decimal Classification |
| Item type | Children Books |
| Classification part | 921 |
| Call number suffix | ढ़ीगरा |
No items available.
